Statistics for 都道府県別・面積の広い自治体Top5

Click here to take the quiz!

General Stats

  • This quiz has been taken 502 times
  • The average score is 118 of 235

Answer Stats

自治体名面積% Correct
青森市824.61
84%
仙台市786.35
82%
横浜市438.01
82%
八王子市186.38
81%
富山市1,241.70
80%
いわき市1,232.26
80%
宇都宮市416.85
79%
秋田市906.07
79%
相模原市328.91
79%
福島市767.72
79%
静岡市1,411.93
78%
高山市2,177.61
78%
日光市1,449.83
78%
福井市536.42
78%
郡山市757.2
78%
浜松市1,558.06
77%
大阪市225.33
77%
さいたま市217.43
77%
千葉市271.76
77%
金沢市468.81
77%
川崎市142.96
77%
長野市834.81
77%
京都市827.83
76%
秩父市577.83
76%
名古屋市326.5
75%
高崎市459.16
75%
松本市978.47
75%
大津市464.51
75%
奥多摩町225.53
74%
神戸市557.03
74%
津市711.18
73%
豊田市918.32
73%
つくば市283.72
73%
鳥取市765.31
73%
むつ市864.2
73%
広島市906.69
72%
釧路市1,363.29
72%
弘前市524.2
71%
岡山市789.95
71%
奈良市276.94
71%
松江市572.99
70%
福岡市343.47
70%
長岡市891.05
70%
上越市973.89
69%
山口市1,023.23
69%
堺市149.83
69%
高松市375.54
69%
佐賀市431.82
68%
酒田市602.98
68%
鶴岡市1,311.51
68%
姫路市534.56
68%
出雲市624.32
67%
北九州市492.5
67%
一関市1,256.42
67%
長崎市405.86
67%
小田原市113.6
67%
熊本市390.32
66%
北見市1,427.41
66%
下関市716.18
66%
那須塩原市592.74
65%
鹿児島市547.61
65%
みなかみ町781.08
65%
大分市502.39
64%
飛騨市792.53
62%
敦賀市251.47
62%
黒部市426.31
62%
飯田市658.66
62%
米沢市548.51
62%
由利本荘市1,209.59
62%
宮崎市643.57
62%
熊谷市159.82
62%
宮古市1,259.15
61%
市原市368.16
61%
佐世保市426.01
61%
大崎市796.81
61%
福知山市552.54
60%
村上市1,174.17
60%
豊岡市697.55
60%
白山市754.92
59%
長浜市681.02
59%
檜原村105.41
59%
南砺市668.64
59%
十津川村672.38
59%
輪島市426.35
58%
小松市371.05
58%
奥州市993.3
58%
岡崎市387.2
58%
花巻市908.39
58%
田辺市1,026.91
58%
松阪市623.58
57%
石巻市554.55
57%
十和田市725.65
56%
倉吉市272.06
56%
益田市733.19
55%
青梅市103.31
55%
萩市698.31
55%
浜田市690.68
54%
北秋田市1,152.76
54%
高島市693.05
54%
大野市872.43
54%
唐津市487.6
54%
下呂市851.21
54%
久留米市229.96
54%
北杜市602.48
53%
大月市280.25
53%
宇和島市468.15
53%
新宮市255.23
53%
南房総市229.55
52%
大館市913.22
52%
山梨市289.8
52%
高槻市105.29
52%
三次市778.18
52%
津山市506.33
51%
東広島市635.15
51%
四万十市632.32
51%
魚沼市946.76
51%
都城市653.36
51%
八代市681.29
50%
栗原市805
50%
常陸太田市371.99
50%
岩国市873.67
50%
延岡市868.02
50%
甲賀市481.62
49%
京丹後市501.44
49%
仙北市1,093.56
48%
常陸大宮市348.45
48%
七尾市318.3
48%
郡上市1,030.75
48%
君津市318.78
48%
飯能市193.05
48%
周南市656.29
47%
阿蘇市376.3
46%
新見市793.29
46%
沼田市443.46
46%
庄原市1,246.49
46%
立山町307.29
45%
登米市536.09
45%
東近江市388.37
45%
名護市210.94
45%
新城市499.23
44%
対馬市707.42
44%
霧島市603.17
44%
東かがわ市152.86
44%
熊野市373.35
44%
諫早市341.79
43%
天草市683.82
42%
石垣市229.15
42%
阿南市279.25
42%
只見町747.56
42%
佐伯市903.14
41%
三好市721.42
41%
伊賀市558.23
41%
五條市292.02
41%
伊那市667.93
41%
鹿沼市490.64
41%
富士宮市389.08
41%
南丹市616.4
40%
山北町224.61
40%
武雄市195.4
40%
川根本町496.88
40%
伊豆市363.97
40%
五島市420.12
39%
深浦町488.91
39%
四万十町642.28
39%
雲南市553.18
39%
嬉野市126.41
38%
足寄町1,408.04
38%
南会津町886.47
38%
大子町325.76
38%
河内長野市109.63
37%
伊万里市255.25
37%
勝山市253.88
37%
日田市666.03
37%
身延町301.98
37%
那須町372.34
36%
薩摩川内市682.92
36%
鹿屋市448.15
36%
綾部市347.1
36%
大町市565.15
36%
中津市491.44
35%
小鹿野町171.26
34%
岩泉町992.36
34%
真庭市828.53
34%
さぬき市158.63
34%
三豊市222.7
33%
高梁市546.99
33%
上北山村274.22
32%
宮古島市203.9
32%
小国町737.56
32%
遠軽町1,332.45
32%
宍粟市658.54
32%
揖斐川町803.44
31%
西条市510.04
31%
別海町1,319.63
30%
大洲市432.12
30%
南越前町343.69
30%
能勢町98.75
30%
阿賀町952.89
29%
久万高原町583.69
29%
小笠原村106.88
29%
早川町369.96
29%
中之条町439.28
28%
有田川町351.84
28%
片品村391.76
28%
丹波市493.21
28%
香取市262.35
28%
設楽町273.94
28%
豊後大野市603.14
28%
国頭村194.8
27%
笠間市240.4
26%
八女市482.44
26%
智頭町224.7
26%
上市町236.71
25%
香美市537.86
25%
まんのう町194.45
25%
竹富町334.4
25%
北広島町646.2
25%
美馬市367.14
24%
大台町362.86
23%
西予市514.34
23%
小林市562.95
22%
日南町340.96
21%
屋久島町540.44
20%
朝倉市246.71
20%
古座川町294.23
20%
那賀町694.98
19%
日高川町331.59
19%
三朝町233.52
17%
椎葉村537.29
16%
海陽町327.67
16%
いの町470.97
16%
川上村269.26
15%
西川町393.19
14%
山都町544.67
13%
仁淀川町333
11%

Score Distribution

Percentile by Number Answered

Percent of People with Each Score

Your Score History

You have not taken this quiz